Reinos e Imperios Católicos en un mapa - Estadísticas

Estadísticas generales
  • Esta prueba ha sido intentada 91 veces
  • La puntuación promedio es 7 de 10
Respuestas en el mapa
Las respuestas están codificadas por una escala verde-roja en el mapa de la prueba según el % correcto abajo.
 
Estadísticas de respuestas
Imperio % Correcto
Imperio español
98%
Imperio portugués
96%
Imperio francés
93%
Imperio romano
86%
Imperio austrohúngaro
72%
Sacro Imperio Romano Germánico
72%
Mancomunidad polaco-lituana
54%
Reino de Escocia
52%
Reino de Inglaterra
42%
Unión de Kalmar
36%
No se encontraron pruebas coincidentes
Distribución de puntuación
Porcentaje de gente con cada puntuación
Porcentaje por número respondido
Historial de tus puntuaciones
No has intentado esta prueba.